000 00691nam a2200289Ia 4500
005 20260324132913.0
008 008 260324s9999 xx 000 0 eng d
020 _a9780203561232
037 _aEBOOK
040 _aCRL
040 _beng
040 _cCRL
041 _2eng
041 _aeng
084 _qCRL
100 _aGuy Cook
_91191059
245 0 _aGenetically Modified Language
245 4 _bThe Discourse of Arguments for GM Crops and Food
260 _bTaylor and Francis
260 _c2004
365 _a
365 _b220
856 _uhttp://www.taylorfrancis.com/books/9780203561232
942 _cEBOOK
999 _c1789594
_d1789594